[Event "African Online-ch Open 2021"]
[Site "Online"]
[Date "2021.02.01"]
[Round "1.20"]
[White "Monaheng Motlomelo"]
[Black "Simoes, Joao"]
[Result "0-1"]
[WhiteElo "1538"]
[BlackElo "2228"]
[PlyCount "64"]
[EventDate "2021.02.01"]
[EventType "swiss"]
[EventCountry "NET"]
[TimeControl "1500+10"]
[WhiteClock "0:00:42"]
[BlackClock "0:06:49"]

{Clock started by Arbiter.} 1. e4 {[%emt 0:09:09]} d5 {[%emt 0:00:11]} 2. exd5 {[%emt 0:00:06]} Qxd5 {[%emt 0:00:06]} 3. Nf3 {[%emt 0:00:03]} Nf6 {[%emt 0:00:07]} 4. Nc3 {[%emt 0:00:05]} Qd8 {[%emt 0:00:07]} 5. Be2 {[%emt 0:00:06]} Bf5 {[%emt 0:00:22]} 6. a4 {[%emt 0:00:14]} e6 {[%emt 0:00:07]} 7. d3 {[%emt 0:00:10]} Nc6 {[%emt 0:00:17]} 8. Bd2 {[%emt 0:00:13]} Bb4 {[%emt 0:00:24]} 9. O-O {[%emt 0:00:10]} h6 {[%emt 0:00:10]} 10. Na2 {[%emt 0:00:53]} Be7 {[%emt 0:00:22]} 11. Rb1 {[%emt 0:00:40]} a6 {[%emt 0:00:42]} 12. b4 {[%emt 0:00:51]} O-O {[%emt 0:00:31]} 13. Re1 {[%emt 0:02:20]} Rb8 {[%emt 0:01:54]} 14. Bc3 {[%emt 0:01:23]} b5 {[%emt 0:00:45]} 15. a5 {[%emt 0:00:21]} Qd5 {[%emt 0:00:26]} 16. Ra1 {[%emt 0:01:01]} Rfd8 {[%emt 0:00:12]} 17. Qc1 {[%emt 0:01:19]} Qd6 {[%emt 0:00:52]} 18. Bf1 {[%emt 0:00:43]} Nd5 {[%emt 0:00:31]} 19. Qb2 {[%emt 0:02:20]} Nxc3 {[%emt 0:00:27]} 20. Nxc3 {[%emt 0:01:26]} Qxb4 {[%emt 0:01:11]} 21. Nd1 {[%emt 0:01:43]} Qxb2 {[%emt 0:01:04]} 22. Nxb2 {[%emt 0:00:10]} Bf6 {[%emt 0:00:22]} 23. Rab1 {[%emt 0:00:30]} Bc3 {[%emt 0:00:46]} 24. Rec1 {[%emt 0:01:04]} g5 {[%emt 0:04:10]} 25. Nd1 {[%emt 0:00:13]} Bg7 {[%emt 0:01:18]} 26. Rb3 {[%emt 0:00:56]} g4 {[%emt 0:01:14]} 27. Nd2 {[%emt 0:00:42]} Nd4 {[%emt 0:00:15]} 28. Ra3 {[%emt 0:00:11]} b4 {[%emt 0:02:46]} 29. Ra2 {[%emt 0:00:04]} Nb5 {[%emt 0:00:11]} 30. Nb3 {[%emt 0:00:20]} Nc3 {[%emt 0:00:48]} 31. Nxc3 {[%emt 0:00:07]} Bxc3 {[%emt 0:00:08]} 32. Nc5 {[%emt 0:00:05]} Rd6 {[%emt 0:00:45] #T} 0-1

[Event "African Online-ch Open 2021"]
[Site "Online"]
[Date "2021.02.01"]
[Round "1.21"]
[White "Meftahi, Houssem"]
[Black "Simpson, Michael"]
[Result "1-0"]
[WhiteElo "2132"]
[BlackElo "1513"]
[Annotator "ChessBase"]
[PlyCount "25"]
[EventDate "2021.02.01"]
[EventType "swiss"]
[EventCountry "NET"]
[SourceTitle "playchess.com"]
[Source "ChessBase"]
[SourceQuality "1"]
[TimeControl "1500+10"]

1. e4 {[%emt 0:00:00]} c5 {[%emt 0:00:04]} 2. Nf3 {[%emt 0:00:03]} e6 {[%emt 0:00:11]} 3. d4 {[%emt 0:00:03]} cxd4 {[%emt 0:00:03]} 4. Nxd4 {[%emt 0:00:02]} Nc6 {[%emt 0:00:02]} 5. Nc3 {[%emt 0:00:03]} Qc7 {[%emt 0:00:06]} 6. Be3 {[%emt 0:00:04]} a6 {[%emt 0:00:04]} 7. Qd2 {[%emt 0:00:04]} Nf6 {[%emt 0:00:12]} 8. O-O-O {[%emt 0:00:06]} Bb4 {[%emt 0:00:16]} 9. f3 {[%emt 0:00:04]} O-O {[%emt 0:01:07]} 10. Qe1 {[%emt 0:01:12]} d5 {[%emt 0:00:57]} 11. Nxc6 {[%emt 0:01:08]} Qxc6 {[%emt 0:00:23]} 12. exd5 {[%emt 0:00:07]} Nxd5 {[%emt 0:00:18]} 13. Nxd5 {[%emt 0:00:04]} 1-0

[Event "African Online-ch Open 2021"]
[Site "Online"]
[Date "2021.02.01"]
[Round "1.22"]
[White "Libe, Sofonea"]
[Black "Beukes, Dante"]
[Result "0-1"]
[WhiteElo "1509"]
[BlackElo "2129"]
[Annotator "ChessBase"]
[PlyCount "86"]
[EventDate "2021.02.01"]
[EventType "swiss"]
[EventCountry "NET"]
[SourceTitle "playchess.com"]
[Source "ChessBase"]
[SourceQuality "1"]
[TimeControl "1500+10"]

1. c4 {[%emt 0:00:00]} Nf6 {[%emt 0:00:15]} 2. g3 {[%emt 0:00:12]} g6 {[%emt 0:00:35]} 3. Bg2 {[%emt 0:00:45]} Bg7 {[%emt 0:00:04]} 4. Nc3 {[%emt 0:00:07]} O-O {[%emt 0:00:05]} 5. e4 {[%emt 0:00:05]} d6 {[%emt 0:00:03]} 6. Nge2 {[%emt 0:00:02]} c5 {[%emt 0:00:04]} 7. O-O {[%emt 0:00:04]} Nc6 {[%emt 0:00:02]} 8. Rb1 {[%emt 0:00:08]} Ne8 {[%emt 0:00:32]} 9. d3 {[%emt 0:00:15]} Nc7 {[%emt 0:00:48]} 10. Be3 {[%emt 0:01:23]} Ne6 {[%emt 0:00:39]} 11. Qd2 {[%emt 0:00:14]} Ned4 {[%emt 0:00:51]} 12. Bh6 {[%emt 0:01:57]} Bh3 {[%emt 0:05:11]} 13. Nxd4 {[%emt 0:00:25]} Nxd4 {[%emt 0:00:22]} 14. f3 {[%emt 0:00:48]} Bxg2 {[%emt 0:00:49]} 15. Kxg2 {[%emt 0:00:05]} a6 {[%emt 0:01:26]} 16. Bxg7 {[%emt 0:00:05]} Kxg7 {[%emt 0:00:03]} 17. Ne2 {[%emt 0:00:11]} Nc6 {[%emt 0:00:29]} 18. a3 {[%emt 0:00:17]} a5 {[%emt 0:03:22]} 19. f4 {[%emt 0:01:10]} a4 {[%emt 0:00:23]} 20. Rf2 {[%emt 0:00:39]} Qd7 {[%emt 0:02:34]} 21. Rbf1 {[%emt 0:00:05]} Rab8 {[%emt 0:01:06]} 22. Nc3 {[%emt 0:00:27]} Nd4 {[%emt 0:00:16]} 23. Qd1 {[%emt 0:00:56]} Ra8 {[%emt 0:01:23]} 24. Nd5 {[%emt 0:00:32]} Rae8 {[%emt 0:03:18]} 25. Nb6 {[%emt 0:00:47]} Qc6 {[%emt 0:00:05]} 26. Nxa4 {[%emt 0:00:18]} b5 {[%emt 0:01:37]} 27. cxb5 {[%emt 0:01:24]} Qxb5 {[%emt 0:00:07]} 28. Nc3 {[%emt 0:00:04]} Qc6 {[%emt 0:00:01]} 29. b4 {[%emt 0:00:09]} cxb4 {[%emt 0:00:10]} 30. Ne2 {[%emt 0:00:26]} Nc2 {[%emt 0:01:50]} 31. Qc1 {[%emt 0:02:06]} bxa3 {[%emt 0:00:28]} 32. Ng1 {[%emt 0:00:33]} Rc8 {[%emt 0:00:17]} 33. Kh3 {[%emt 0:02:23]} Qa4 {[%emt 0:00:31]} 34. Rd2 {[%emt 0:04:38]} a2 {[%emt 0:00:20]} 35. Qb2+ {[%emt 0:00:05]} Kg8 {[%emt 0:00:02]} 36. Ra1 {[%emt 0:00:40]} Nxa1 {[%emt 0:00:07]} 37. Qxa1 {[%emt 0:00:04]} Rc2 {[%emt 0:00:07]} 38. Nf3 {[%emt 0:00:19]} Rxd2 {[%emt 0:00:07]} 39. Nxd2 {[%emt 0:00:02]} Qc2 {[%emt 0:00:04]} 40. Nc4 {[%emt 0:00:58]} Qb1 {[%emt 0:00:10]} 41. Qxb1 {[%emt 0:00:41]} axb1=Q {[%emt 0:00:05]} 42. e5 {[%emt 0:00:02]} Qxd3 {[%emt 0:00:07]} 43. Nxd6 {[%emt 0:00:05]} exd6 {[%emt 0:00:03]} 0-1

[Event "African Online-ch Open 2021"]
[Site "Online"]
[Date "2021.02.01"]
[Round "2.1"]
[White "Oatlhotse, Providence"]
[Black "Adly, Ahmed"]
[Result "0-1"]
[WhiteElo "2190"]
[BlackElo "2615"]
[Annotator "TA"]
[PlyCount "94"]
[EventDate "2021.02.01"]
[EventType "swiss"]
[EventCountry "NET"]
[SourceTitle "playchess.com"]
[Source "ChessBase"]
[SourceQuality "1"]

{[%evp 21,94,0,0,0,0,0,0,0,0,0,11,0,38,29,61,52,61,63,59,54,64,56,59,58,56,63,69,37,39,27,29,30,40,36,33,39,35,4,0,0,0,-4,-4,-53,-52,-47,-46,-47,-53,-47,-48,-61,-61,-61,-61,-75,-60,-62,-71,-56,-19,-19,-23,-23,-16,-17,-21,-16,-8,-8,-8,-28,-28,-556,-135]} 1. Nf3 d5 2. g3 Nf6 3. Bg2 g6 4. O-O Bg7 5. c4 c6 6. cxd5 cxd5 7. Ne5 O-O 8. d4 Ng4 9. Nxg4 Bxg4 10. h3 Be6 11. Nc3 Nc6 12. Be3 {D79: Fianchetto Grünfeld: Symmetrical Variation (6 0-0 c6 7 cxd5 cxd5).} Qd7 13. Kh2 {[#]} Rac8 $146 ({Predecessor:} 13... b5 14. Nxb5 Rab8 15. Nc3 Rxb2 16. Na4 Rb4 17. Nc5 Qd6 18. Bf4 Qd8 19. Nxe6 fxe6 {1-0 (59) Shamsi,M (2217)-Bouget,A (2238) Chess.com INT 2020}) 14. Qd2 {The position is equal.} Na5 15. b3 b6 16. Rac1 Rc6 17. Bf4 Rfc8 18. Rfd1 f5 19. e3 {Black must now prevent Bf1.} a6 20. Bf1 b5 21. Ne2 Nb7 22. Rxc6 Rxc6 23. Rc1 Nd6 24. f3 Nf7 25. h4 h6 26. Rxc6 Qxc6 27. Qc1 Bd7 28. Qxc6 Bxc6 29. Nc1 e5 30. dxe5 Nxe5 31. Be2 d4 32. Bxe5 Bxe5 $11 {[%mdl 4096] Endgame KBB-KBN} 33. Nd3 Bf6 34. exd4 Bxd4 35. Nb4 Bb7 36. a4 bxa4 37. bxa4 a5 38. Bc4+ Kf8 39. Nd5 Bc6 40. Bb3 g5 41. hxg5 hxg5 42. Kg2 Ke8 {[#] Threatens to win with ...Kd7.} 43. Kf1 $1 Kd7 {aiming for ...Kd6.} 44. Ke2 Kd6 45. Ne3 Bd7 46. Kd3 Kc5 47. Ke2 $2 {[%mdl 8192] [#]} (47. f4 $11 {and White has nothing to worry.}) 47... Be5 $2 {Weighted Error Value: White=0.29/Black=0.05} (47... Bxe3 $19 {has better winning chances.} 48. Kxe3 Kb4) 0-1

[Event "African Online-ch Open 2021"]
[Site "Online"]
[Date "2021.02.01"]
[Round "2.2"]
[White "Amin, Bassem"]
[Black "Miguel, Sergio"]
[Result "1-0"]
[WhiteElo "2693"]
[BlackElo "2377"]
[Annotator "TA"]
[PlyCount "131"]
[EventDate "2021.02.01"]
[EventType "swiss"]
[EventCountry "NET"]
[SourceTitle "playchess.com"]
[Source "ChessBase"]
[SourceQuality "1"]

{[%evp 19,131,0,15,0,34,-13,-27,-39,0,0,0,0,0,0,0,-2,21,4,15,28,21,0,0,0,0,0,0,0,78,77,77,77,77,77,77,77,89,77,82,82,96,96,98,96,104,96,96,96,109,96,96,96,96,96,96,96,96,69,96,96,96,96,96,96,96,96,96,69,69,69,69,75,780,599,1105,1215,941,934,29968,29970,29970,29970,29970,29970,29971,29972,29973,29974,29975,29976,29978,29975,29976,29976,29976,29977,29977,29978,29991,29983,29993,29980,29992,29980,29992,29979,29979,29980,29980,29981,29981,29982,29986,29987]} 1. c4 Nf6 2. g3 e6 3. Bg2 d5 4. Nf3 Be7 5. O-O O-O 6. b3 c5 7. Bb2 d4 8. e3 Nc6 9. exd4 cxd4 10. Re1 Qb6 11. d3 {A14: English Opening: 1...e6 with b3 by White.} Rd8 12. a3 a5 $1 {[#]} 13. Ne5 $146 {Black has an edge.} ({Predecessor:} 13. Nbd2 Nd7 14. Qc2 Nc5 15. Rab1 Qc7 16. Ne4 Na6 17. Qe2 h6 18. Bc1 f5 19. Ned2 Nc5 20. Nf1 g5 21. Bd2 Bf6 22. h3 Qg7 23. b4 Na4 {0-1 (23) Yagiz,Y (1872)-Murden,C (2349) ICCF email 2007}) 13... Nxe5 14. Rxe5 Bd7 15. Nd2 Bc6 16. Nf3 Nd7 17. Bxd4 Bxf3 (17... Nc5 {is more complex.} 18. Be3 Bd6 19. Rg5 f6 20. Rh5 g6) 18. Bxb6 Bxd1 19. Bxd8 Rxd8 20. Rxa5 Bxb3 {White must now prevent ...Nc5.} 21. Rb1 b6 22. Ra7 Bc2 {[%mdl 64] [#] Double Attack} 23. Rc1 Bxd3 (23... Bb3 $11) 24. Rd1 $16 Bxc4 25. Rdxd7 Rxd7 26. Rxd7 Bxa3 {[%mdl 4096] Endgame KRB-KB} 27. Rb7 b5 28. Bc6 g6 29. Bxb5 Bxb5 30. Rxb5 {KR-KB} h5 31. Kg2 Kg7 32. Kf3 Be7 33. Ke4 Bf6 34. Kd3 g5 35. h3 Kg6 36. g4 hxg4 37. hxg4 Be7 38. f3 Bd6 39. Kc4 Bf4 40. Rb6 Kf6 41. Rb7 Be3 42. Kb5 Kg6 43. Kc6 f5 $1 44. Rb3 Bf2 45. Rb2 Bd4 {[%mdl 8192] [#] Loses the game.} (45... Bg3 $16) 46. Re2 $1 $18 {[%cal Re2e6]} Kf6 47. Kd6 e5 48. Kd5 fxg4 49. fxg4 {White mates.} Bc3 50. Rc2 Bd4 51. Ke4 Kg7 52. Kf5 Be3 53. Kxe5 Bf4+ 54. Kf5 Be3 55. Rh2 Bf4 56. Rh5 Kg8 57. Kf6 Be3 58. Rh3 Bf4 59. Rd3 Bc1 60. Rd7 Bf4 61. Rb7 Bd2 62. Rg7+ Kf8 63. Rd7 {[%cal Rd7d8]} Ba5 64. Kxg5 Bc3 65. Kg6 Be5 66. g5 {Weighted Error Value: White=0.04/Black=0.18} 1-0

[Event "African Online-ch Open 2021"]
[Site "Online"]
[Date "2021.02.01"]
[Round "2.3"]
[White "Ortega Amarelle, Mariano"]
[Black "Paiva, Donaldo"]
[Result "1-0"]
[WhiteElo "2463"]
[BlackElo "2230"]
[Annotator "TA"]
[PlyCount "63"]
[EventDate "2021.02.01"]
[EventType "swiss"]
[EventCountry "NET"]
[SourceTitle "playchess.com"]
[Source "ChessBase"]
[SourceQuality "1"]

{[%evp 15,63,4,26,33,25,37,37,38,27,31,24,25,91,88,81,38,67,80,65,31,67,8,4,0,63,37,104,110,206,191,192,195,436,431,636,640,635,620,865,855,801,583,877,592,1197,1110,1204,1181,1197,1190]} 1. d4 Nf6 2. c4 g6 3. Nc3 d5 4. Nf3 Bg7 5. Bf4 O-O 6. e3 c5 7. dxc5 Qa5 8. Rc1 Be6 9. Nd4 {D83: Grünfeld: 4 Bf4 Bg7 5 e3 0-0.} Nc6 10. Nxc6 bxc6 11. Qa4 $1 {[%cal Ra4a5] White is slightly better.} Qxc5 {[%cal Rd5c4]} 12. b4 Qb6 13. c5 Qb7 (13... Qd8 $1 $11) 14. Ba6 $16 Qd7 15. Be5 {[#]} Ng4 $146 ({Predecessor:} 15... Bf5 16. Qd1 Qe6 17. Qd4 Rab8 18. a3 g5 19. O-O Rfd8 20. f4 h6 21. Ne2 Nh5 22. Bxg7 Nxg7 {1-0 (28) Inkiov,V (2490)-Maris,I (2295) Athens 1988}) 16. Bxg7 Kxg7 17. h3 $36 {[%mdl 2048] White has good play.} Ne5 18. Rd1 (18. Ne2 $14) 18... Qc7 $1 $11 19. Ne2 Nc4 (19... Bc8 $11) 20. Qc2 $14 Qe5 (20... Bc8 $14 21. Bxc4 dxc4) 21. Nd4 $16 Qg5 (21... Qf6 $16 {was worth a try.}) 22. Nxe6+ $18 fxe6 23. O-O ({And not} 23. Bxc4 Qxg2 24. Rf1 (24. Qb2+ Kg8 $17) 24... dxc4 $15) 23... Ne5 $2 (23... Qe5 24. Bxc4 dxc4 25. Qxc4 a5) 24. f4 {[%mdl 64] [#] Double Attack. White is clearly winning.} Qg3 (24... Qf6 $142 25. fxe5 Qxe5) 25. Qc3 {[%mdl 64] Pin} Rf5 26. fxe5 Qxe5 27. Qxe5+ Rxe5 28. Rf3 Rb8 29. a3 Rf5 30. Rxf5 exf5 31. b5 {[%mdl 64] [#] Promotion} cxb5 32. c6 {Weighted Error Value: White=0.29/Black=0.57} 1-0

[Event "African Online-ch Open 2021"]
[Site "Online"]
[Date "2021.02.01"]
[Round "2.4"]
[White "Oliveira, Luciano"]
[Black "Bellahcene, Bilel"]
[Result "0-1"]
[WhiteElo "2115"]
[BlackElo "2510"]
[Annotator "TA"]
[PlyCount "82"]
[EventDate "2021.02.01"]
[EventType "swiss"]
[EventCountry "NET"]
[SourceTitle "playchess.com"]
[Source "ChessBase"]
[SourceQuality "1"]

{[%evp 12,82,31,26,25,0,7,0,0,-1,-3,-6,0,0,0,-4,0,-9,-9,-9,-9,-43,0,0,0,-48,-58,-54,-56,-52,-47,-182,-98,-114,-107,-97,-97,-114,-103,-1059,-1034,-1043,-1034,-936,-570,-568,-556,-887,-904,-900,-894,-847,-833,-785,-745,-1443,-871,-1355,-839,-995,-956,-1619,-1553,-3912,-2699,-29980,-29981,-29981,-29982,-29982,-29983,-29981,-29982]} 1. d4 Nf6 2. Nf3 e6 3. c4 d5 4. Nc3 Bb4 5. cxd5 exd5 6. Bg5 O-O 7. e3 Bf5 {7...h6 is the modern continuation. D38: Queen's Gambit Declined: Ragozin Defence (4 Nf3 Bb4).} 8. Bd3 Bxd3 9. Qxd3 c6 {The position is equal.} 10. O-O Nbd7 11. Ne5 {[#]} Be7 $146 ({Predecessor:} 11... Qe8 12. Nxd7 Nxd7 13. a3 Bxc3 14. bxc3 Qe6 15. Rab1 b5 16. Rfe1 Rfe8 17. f3 f5 {0-1 (56) Noelck,U-Pamperin,G (1749) Mecklenburg VP 2010}) 12. Nxd7 Nxd7 13. Bf4 Re8 14. h3 a5 15. Rfc1 Nb6 16. Nb5 Rc8 17. Na7 Ra8 $36 {[%cal Bc8a8,Ba8a6,Ba6g6][%mdl 2080] Black has some pressure.} 18. Nb5 $1 {[%cal Rb5c7]} cxb5 19. Bc7 Qd7 20. Bxb6 {Threatens to win with Rc7.} Bd6 21. Qd2 {[#]} (21. b3 $1 $15) 21... b4 (21... Ra6 $1 $19 {...Bb4 is the strong threat.} 22. Bxa5 Qe7) 22. a3 $17 Ra6 23. Bc5 Bb8 24. axb4 {[#]} Rg6 $1 {aiming for ...Qxh3.} 25. bxa5 $2 {[%mdl 8192]} (25. Kf1 $17 Qc7 26. f4 (26. Rxa5 $2 Qh2 $19)) 25... Qxh3 $1 $19 {[%csl Gg6][%cal Rh3g2]} 26. Kf1 Rxg2 27. Ke2 Qf5 28. Rf1 Bg3 29. Ke1 {[#]} Bxf2+ $1 {[%mdl 576] Deflection} 30. Rxf2 Rg1+ 31. Ke2 Qg4+ 32. Kd3 Rxa1 33. Kc2 Qe4+ 34. Kb3 h5 {And now ...Qb1 would win.} 35. Kb4 Ra8 36. Bb6 Qe7+ 37. Kb3 Qe8 {( -> ...Qa4+)} 38. Qd3 Qa4+ {Black mates.} 39. Kc3 Rc8+ 40. Bc5 Qxa5+ 41. Kc2 Qa4+ {Accuracy: White = 47%, Black = 79%.} 0-1

[Event "African Online-ch Open 2021"]
[Site "Online"]
[Date "2021.02.01"]
[Round "2.5"]
[White "Rakotomaharo, Fy Antenaina"]
[Black "Meftahi, Houssem"]
[Result "1-0"]
[WhiteElo "2422"]
[BlackElo "2110"]
[Annotator "TA"]
[PlyCount "77"]
[EventDate "2021.02.01"]
[EventType "swiss"]
[EventCountry "NET"]
[SourceTitle "playchess.com"]
[Source "ChessBase"]
[SourceQuality "1"]

{[%evp 9,77,14,33,28,34,41,46,46,49,45,58,50,44,39,76,76,82,74,71,64,91,62,66,60,63,60,113,89,124,118,127,125,119,117,117,77,114,95,91,92,81,91,87,91,108,100,116,111,230,242,232,236,302,285,314,337,366,316,306,228,344,360,347,214,1189,1217,1839,1834,29998,29999]} 1. e4 c5 2. Nf3 Nc6 3. Bb5 e6 4. Bxc6 bxc6 5. d3 d6 6. e5 {B30: Sicilian: 2...Nc6 3 Bb5, lines without ...g6.} Ne7 7. exd6 Ng6 {[#]} 8. Nbd2 $146 {White is slightly better.} ({Predecessor:} 8. h4 h5 9. Bg5 f6 10. Qe2 Bxd6 11. Qe4 Ne7 12. Nbd2 fxg5 13. hxg5 e5 14. g4 Bxg4 15. Qxg4 hxg4 16. Rxh8+ {0-1 (33) Lu,S (2514)-Yu,Y (2615) Beijing 2012}) 8... Bxd6 9. Nc4 Bc7 10. Be3 Qd5 11. Qe2 Nf4 12. Bxf4 Bxf4 13. O-O O-O 14. Rfe1 f6 15. Qe4 Bc7 16. Nfd2 e5 17. Ne3 Qf7 (17... Qxe4 $14 18. Nxe4 Rb8) 18. Nb3 Rb8 19. Qxc6 Rb6 20. Qxc5 Bd6 21. Qc4 Be6 22. Qh4 f5 23. Nc4 Be7 24. Qh3 Bxc4 25. dxc4 e4 26. c5 Rh6 27. Qe3 Qh5 28. h3 Kh8 (28... Rg6 $16 {keeps fighting.} 29. Kh2 Bg5) 29. Rad1 $18 Bg5 30. Qe2 Qg6 31. Rd6 Bf6 {intending ...Rxh3.} 32. Qe3 Re8 33. f4 Qf7 34. c3 Qc4 (34... g5 {might work better.} 35. fxg5 f4 36. Qxf4 {[%mdl 64] Pin} Bd4+ 37. Rxd4 (37. Nxd4 Qxf4 38. gxh6 Rg8 $16) 37... Qxf4 38. gxh6 Qxh6 39. Rexe4 Rg8) 35. Red1 Rg6 36. c6 Qa4 $2 {[#]} (36... Be7 37. R6d5 Qxc6 38. Rxf5 (38. Qxa7 Bh4 $16) 38... Bd6) 37. c7 Be7 38. Rd8 Rc6 39. Rxe8+ {Weighted Error Value: White=0.13/Black=0.38} 1-0

[Event "African Online-ch Open 2021"]
[Site "Online"]
[Date "2021.02.01"]
[Round "2.6"]
[White "Abdelazeez, Mohamed Abdalla"]
[Black "Kayonde, Andrew"]
[Result "0-1"]
[WhiteElo "2214"]
[BlackElo "2393"]
[Annotator "TA"]
[PlyCount "78"]
[EventDate "2021.02.01"]
[EventType "swiss"]
[EventCountry "NET"]
[SourceTitle "playchess.com"]
[Source "ChessBase"]
[SourceQuality "1"]

{[%evp 24,78,51,33,16,-64,-64,-184,-191,-253,-241,-323,-321,-310,-225,-260,-275,-313,-304,-316,-293,-371,-335,-379,-377,-386,-373,-388,-382,-404,-406,-505,-425,-586,-479,-545,-493,-654,-536,-773,-755,-802,-808,-806,-807,-1060,-1067,-1564,-1243,-29980,-29981,-29989,-2910,-29983,-29983,-29990,-29991]} 1. d4 d5 2. Nf3 Nf6 3. c4 e6 4. Nc3 c6 5. Bg5 dxc4 6. e4 b5 7. e5 h6 8. Bh4 g5 9. Nxg5 hxg5 10. Bxg5 Nbd7 11. g3 Bb7 12. Bg2 Qb6 13. exf6 O-O-O {D44: Semi-Slav: Botvinnik System.} 14. a4 ({White should try} 14. O-O $11) 14... c5 $15 15. d5 (15. a5 $15 Qa6 16. Bxb7+ Qxb7 17. O-O) 15... b4 $1 $19 {[#] Black is clearly better.} 16. a5 $146 {[#]} (16. Ne2 {was called for.}) ({Predecessor:} 16. Ne2 Ne5 17. a5 Qb5 18. O-O Bxd5 19. Qa4 Qxa4 20. Rxa4 Nf3+ 21. Bxf3 Bxf3 22. Nf4 {0-1 (37) Weiss,A (2183)-Yang,D (2416) Philadelphia 2011}) 16... Qa6 $1 17. O-O bxc3 18. bxc3 Nb8 19. Rb1 Bxd5 20. Bf4 {[#]} Bd6 21. Bxd5 Bxf4 ({Weaker is} 21... exd5 22. Qxd5 Bxf4 23. Qf5+ Qe6 24. Qxf4 $17) 22. Qf3 exd5 23. Qxf4 Qd6 24. Qf3 Na6 25. Rfe1 Rhe8 26. Qg4+ Qd7 27. Qg5 Re6 28. Re3 Rxe3 29. Qxe3 Qf5 30. Rb5 Qxf6 31. h4 Qc6 32. Rb1 d4 33. Qf4 Qd5 34. Qf6 Nc7 35. a6 d3 36. h5 d2 37. Rd1 Qxh5 (37... Re8 $142 38. Kh2 Qxh5+ 39. Kg2 Re1 40. g4 Qxg4+ {[%mdl 64] Double Attack} 41. Kh2 Rxd1 42. Qf3 Qh4+ 43. Kg2 Rh1 44. Qf5+ Kb8 45. f4 Rh2+ 46. Kf3 d1=Q+ 47. Ke4 Qe2#) 38. f3 Rh8 39. Kf2 Qh2+ {Black took control after the opening.  Weighted Error Value: White=0.78/Black=0.15} 0-1

[Event "African Online-ch Open 2021"]
[Site "Online"]
[Date "2021.02.01"]
[Round "2.7"]
[White "Zaibi, Amir"]
[Black "Calicoca, Wilton Inacio"]
[Result "1-0"]
[WhiteElo "2381"]
[BlackElo "2122"]
[Annotator "TA"]
[PlyCount "115"]
[EventDate "2021.02.01"]
[EventType "swiss"]
[EventCountry "NET"]
[SourceTitle "playchess.com"]
[Source "ChessBase"]
[SourceQuality "1"]

{[%evp 18,115,59,52,58,43,46,33,33,27,27,27,29,34,51,18,51,13,48,42,43,41,45,23,37,40,69,29,25,27,29,10,10,10,8,8,10,10,4,0,0,0,39,32,81,81,81,81,81,81,81,81,81,-8,81,81,81,81,81,34,59,59,59,59,872,860,973,732,5650,141,141,141,141,81,81,8,81,81,186,186,29972,29973,29972,29972,29973,29975,29975,29977,29977,29978,29978,29979,29979,29980,29980,29980,29979,29980,29980,29981]} 1. c4 c5 2. Nc3 b6 3. Nf3 Bb7 4. e4 d6 5. d4 cxd4 6. Nxd4 e6 7. Be2 Nf6 8. f3 Be7 9. Be3 O-O 10. O-O Nc6 {A31: Symmetrical English: 2 Nf3 Nf6 3 d4.} 11. Rc1 Rc8 {[#]} 12. Qa4 $146 ({Predecessor:} 12. Qd2 Rc7 13. Rfd1 Rd7 14. Kh1 Qa8 15. a3 Rfd8 16. Ncb5 Ne5 17. b4 Nc6 18. a4 {1-0 (49) Hakiki,K (2251)-Novita,A (2344) Jakarta 2011}) 12... Qd7 {White is slightly better.} 13. Rfd1 Nxd4 14. Bxd4 Qxa4 15. Nxa4 Rfd8 16. b3 Kf8 17. Kf2 Nd7 18. Be3 Nc5 19. Nc3 Bc6 20. Nb5 Bxb5 21. cxb5 Nd7 22. a4 Nc5 23. b4 Nxa4 {Black wants to play ...Nc3.} 24. Rxc8 Rxc8 25. Ra1 Nc3 26. Rxa7 d5 27. Bxb6 {aiming for Bc5!} Bxb4 28. Rc7 Rxc7 29. Bxc7 Nxe2 (29... Ke7 {seems wilder.} 30. Bd3 Bc5+ 31. Ke1 Bd4 32. Kd2 dxe4 33. fxe4 Na4) 30. Kxe2 $11 {[%mdl 4096] Endgame Black must now prevent b6. KB-KB} Ke8 31. exd5 exd5 32. Kd3 Bc5 33. Be5 $1 g6 34. Bd4 Bd6 35. Ba7 ({Better is} 35. Be3 $16) 35... Kd7 (35... Bxh2 $11 36. Kc3 Kd7) 36. Kd4 $16 Bxh2 {Strongly threatening ...Bg1+.} 37. Kxd5 {And now Bd4 would win.} Kc7 38. Bf2 h5 39. Ke4 Bd6 40. Be3 Kd7 $2 {[%mdl 8192]} (40... Be7 $14) 41. Kd5 $18 Bb8 42. Bd4 g5 43. Bf6 $2 (43. b6 $18 {is the precise move to win.} Bg3 44. Be5) 43... g4 $16 44. fxg4 hxg4 {[#]} 45. Be5 (45. Bd4 $142 $1) 45... Ba7 46. Bf4 (46. Ke4 $16) 46... f6 (46... Bf2 $11 {remains equal.}) 47. Bd2 Bb8 {[#]} (47... Bf2 $16 48. Bc3 Bh4) 48. Bc3 $1 $18 {[%cal Rc3f6]} Ke7 (48... f5 $18) 49. b6 {White mates.} Bf4 50. Bd4 Bb8 51. b7 Kf7 52. Bc5 Kg6 53. Bd6 Ba7 54. Ke4 Kg5 55. g3 f5+ 56. Kd5 Kf6 57. b8=Q Bxb8 58. Bxb8 {Weighted Error Value: White=0.30/Black=0.30} 1-0